000 00586nam a2200181Ia 4500
003 GCL
008 140319s9999 xx 000 0 ara d
040 _aGCL /
_cGCL
082 0 4 _a374
_bم م
245 1 0 _aمهارات تعليم الكبار ADULT EDUCATION SKILLS : الطريق الى التعليم المستمر
300 _a157 ص
490 _aمجموعة مهارات تطوير الاداء
_v0
650 0 4 _aالتعليم
650 0 4 _aتعليم الكبار
650 0 4 _aالتعليم المسائى
650 0 4 _aالتعليم المستمر
942 _2ddc
_cBK
999 _c49713
_d49713